Теоретические исследования влияния дефектности на параметры электрического сигнала при импульсном механическом возбуждении бетона; Известия вузов. Физика; Т. 57, № 12
| Parent link: | Известия вузов. Физика: научный журнал/ Национальный исследовательский Томский государственный университет (ТГУ).— , 1957- Т. 57, № 12.— 2014.— [С. 39-42] |
|---|---|
| প্রধান লেখক: | |
| সংস্থা লেখক: | , |
| অন্যান্য লেখক: | , |
| সংক্ষিপ্ত: | Заглавие с экрана На основе разработанной физико-математической модели электрического отклика с использованием аппарата механики сплошных сред теоретически рассчитаны параметры электрического сигнала из образцов бетона. Установлено, что наличие в бетоне дефекта приводит к изменению амплитудно-частотной характеристики рассчитанного электрического сигнала. Режим доступа: по договору с организацией-держателем ресурса |
| ভাষা: | রুশ |
| প্রকাশিত: |
2014
|
| বিষয়গুলি: | |
| অনলাইন ব্যবহার করুন: | http://elibrary.ru/item.asp?id=22895895 |
| বিন্যাস: | MixedMaterials বৈদ্যুতিক গ্রন্থের অধ্যায় |
| KOHA link: | https://koha.lib.tpu.ru/cgi-bin/koha/opac-detail.pl?biblionumber=642311 |
MARC
| LEADER | 00000nla0a2200000 4500 | ||
|---|---|---|---|
| 001 | 642311 | ||
| 005 | 20250203114205.0 | ||
| 035 | |a (RuTPU)RU\TPU\network\7250 | ||
| 035 | |a RU\TPU\network\7211 | ||
| 090 | |a 642311 | ||
| 100 | |a 20150619d2014 k||y0rusy50 ca | ||
| 101 | 0 | |a rus | |
| 102 | |a RU | ||
| 135 | |a drcn ---uucaa | ||
| 181 | 0 | |a i | |
| 182 | 0 | |a b | |
| 200 | 1 | |a Теоретические исследования влияния дефектности на параметры электрического сигнала при импульсном механическом возбуждении бетона |f Т. В. Фурса, В. С. Люкшин, Г. Е. Уцын | |
| 203 | |a Текст |c электронный | ||
| 300 | |a Заглавие с экрана | ||
| 330 | |a На основе разработанной физико-математической модели электрического отклика с использованием аппарата механики сплошных сред теоретически рассчитаны параметры электрического сигнала из образцов бетона. Установлено, что наличие в бетоне дефекта приводит к изменению амплитудно-частотной характеристики рассчитанного электрического сигнала. | ||
| 333 | |a Режим доступа: по договору с организацией-держателем ресурса | ||
| 461 | |t Известия вузов. Физика |o научный журнал |f Национальный исследовательский Томский государственный университет (ТГУ) |d 1957- | ||
| 463 | |t Т. 57, № 12 |v [С. 39-42] |d 2014 | ||
| 610 | 1 | |a электронный ресурс | |
| 610 | 1 | |a труды учёных ТПУ | |
| 610 | 1 | |a гетерогенные материалы | |
| 610 | 1 | |a диэлектрические материалы | |
| 610 | 1 | |a импульсное воздействие | |
| 610 | 1 | |a механическое воздействие | |
| 610 | 1 | |a электрический отклик | |
| 700 | 1 | |a Фурса |b Т. В. |c специалист в области неразрушающего контроля |c ведущий научный сотрудник Томского политехнического университета, доктор технических наук |f 1951- |g Татьяна Викторовна |3 (RuTPU)RU\TPU\pers\27723 | |
| 701 | 1 | |a Люкшин |b Б. А. |g Борис Александрович | |
| 701 | 1 | |a Уцын |b Г. Е. |c специалист в области электротехники |c инженер-исследователь Томского политехнического университета, кандидат физико-математических наук |f 1982- |g Григорий Евгеньевич |3 (RuTPU)RU\TPU\pers\32187 | |
| 712 | 0 | 2 | |a Национальный исследовательский Томский политехнический университет (ТПУ) |b Институт неразрушающего контроля (ИНК) |b Проблемная научно-исследовательская лаборатория электроники, диэлектриков и полупроводников (ПНИЛ ЭДиП) |3 (RuTPU)RU\TPU\col\19033 |
| 712 | 0 | 2 | |a Национальный исследовательский Томский политехнический университет (ТПУ) |b Энергетический институт (ЭНИН) |b Лаборатория моделирования процессов тепломассопереноса (ЛМПТ) |3 (RuTPU)RU\TPU\col\19906 |
| 801 | 2 | |a RU |b 63413507 |c 20150626 |g RCR | |
| 856 | 4 | |u http://elibrary.ru/item.asp?id=22895895 | |
| 942 | |c CF | ||